000 00497nam a2200205 i 4500
001 bgj
100 1 _aSIMPSON, Mona.
245 1 0 _aAnywhere but here /
_cby Mona Simpson.
250 _a[5th print.].
260 _aNew York :
_bAlfred A. Knopf,
_c1987.
300 _a406 pp ;
_c25 cm.
650 9 _aAmerican fiction
655 _aFiction
020 _a0394552830
040 _cBPK
041 0 _aeng
920 _a0-394-55283-0
942 _cKS
008 s uk f |000 0 eng
999 _c47442
_d47442
856 _uhttp://koha.tu.koszalin.pl/cgi-bin/koha/opac-detail.pl?biblionumber=47442
_yKatalog online BPK